Statistiche per Paesi dell'Europa nel 1815 (con mappa)

Clicka qui per fare il quiz!

Statistiche generali

  • Questo quiz è stato fatto 3.275 volte
  • Il punteggio medio è 22 su 44

Risposte nella Mappa

Le risposte nella mappa del quiz sottostante sono codificate secondo una scala di colori dal rosso al verde in base alla % di persone che hanno risposto correttamente.
 

Statistiche sulle risposte

Risposta% Corretto
Francia
98%
Impero Spagnolo
98%
Impero Russo
97%
Portogallo
97%
Gran Bretagna e Irlanda
95%
Svezia
95%
Norvegia
94%
Danimarca
90%
Impero Austriaco
88%
Impero Ottomano
88%
Confederazione Svizzera
83%
Paesi Bassi
81%
Sardegna
74%
Due Sicilie
73%
Prussia
70%
Stato Pontificio
70%
Toscana
69%
Lussemburgo
68%
Monaco
57%
Baviera
48%
Repubblica di San Marino
48%
Parma
44%
Liechtenstein
43%
Modena
41%
Andorra
36%
Lucca
34%
Montenegro
33%
Sassonia-Weimar-Eisenach
32%
Amburgo
31%
Sassonia
31%
Francoforte
22%
Hannover
21%
Brema
19%
Baden
18%
Cracovia
14%
Württemberg
13%
Assia
12%
Elettorato d'Assia
12%
Meclemburgo
9%
Anhalt
8%
Oldenburg
8%
Nassau
7%
Brunswick
6%
Hohenzollern
6%

Distribuzione punteggi

Percentile per numero di risposta

Percentuale di utenti per punteggio

I tuoi punteggi nel tempo

Non hai fatto questo quiz